Catálogo

Habilidades directivas / (Registro nro. 30901)

Detalles MARC
000 -LEADER
fixed length control field 01139cam a2200313 i 4500
001 - CONTROL NUMBER
control field 30901
003 - CONTROL NUMBER IDENTIFIER
control field Mx-PuUPA
005 - DATE AND TIME OF LATEST TRANSACTION
control field 20191008155510.0
008 - FIXED-LENGTH DATA ELEMENTS--GENERAL INFORMATION
fixed length control field 140415s2009 mx d gr 001 0 spa d
020 ## - INTERNATIONAL STANDARD BOOK NUMBER
International Standard Book Number 9789701068755
040 ## - CATALOGING SOURCE
Original cataloging agency Mx-PuUPA
Language of cataloging spa
Transcribing agency Mx-PuUPA
Modifying agency Mx-PuUPA
Description conventions rda
041 0# - LANGUAGE CODE
Language code of text/sound track or separate title spa
245 10 - TITLE STATEMENT
Title Habilidades directivas /
Statement of responsibility, etc. Berta Ermila Madrigal Torres, Adriana Baltazar Silva, Rita Guadalupe Franco García, Hilda González Montoya, [y otros seis]
250 ## - EDITION STATEMENT
Edition statement Segunda edición
264 ## - PRODUCTION, PUBLICATION, DISTRIBUTION, MANUFACTURE, AND COPYRIGHT NOTICE
Place of production, publication, distribution, manufacture México, D.F. :
Name of producer, publisher, distributor, manufacturer McGraw Hill Interamericana Editores,
Date of production, publication, distribution, manufacture, or copyright notice ©2009
300 ## - PHYSICAL DESCRIPTION
Extent xx, 258 páginas :
Dimensions 23 cm
Other physical details diagramas ;
336 ## - CONTENT TYPE
Content type term texto
Fuente rdacontent
Content type code txt
337 ## - MEDIA TYPE
Media type term sin medio
Source rdamedia
Media type code n
338 ## - CARRIER TYPE
Carrier type term volumen
Source rdacarrier
Carrier type code nc
650 #4 - SUBJECT ADDED ENTRY--TOPICAL TERM
Topical term or geographic name entry element Administración
700 1# - ADDED ENTRY--PERSONAL NAME
Personal name Madrigal Torres, Berta Ermila,
Relator term autor
700 1# - ADDED ENTRY--PERSONAL NAME
Personal name Baltazar Silva, Adriana,
Relator term autor
700 1# - ADDED ENTRY--PERSONAL NAME
Personal name Franco García, Rita Guadalupe,
Relator term autor
700 1# - ADDED ENTRY--PERSONAL NAME
Personal name González Montoya, Hilda,
Relator term autor
942 ## - ADDED ENTRY ELEMENTS (KOHA)
Source of classification or shelving scheme Dewey Decimal Classification
Koha item type Libro
Classification part 658
Item part H113
Existencias
Withdrawn status Lost status Source of classification or shelving scheme Damaged status Not for loan Collection code Home library Current library Shelving location Date acquired Source of acquisition Total Checkouts Full call number Barcode Date last seen Date last checked out Price effective from Koha item type
    Dewey Decimal Classification     General Biblioteca Karol Wojtyla Biblioteca Karol Wojtyla Sala general 03/12/2013 Compra 1 658 H113 2009 60497 05/01/2026 03/04/2024 03/12/2013 Libro
    Dewey Decimal Classification     General Tehuacán Tehuacán Sala general 03/12/2013 Compra 2 658 H113 2009 968000002697 07/02/2025 11/02/2019 17/08/2016 Libro